000 00757nam a22002177a 4500
003 0
005 20250905120524.0
008 250905b xxu||||| |||| 00| 0 eng d
020 _a978-1-5296-9695-0
050 _aLB 1139.25
_b.E27 2023
245 _aThe Early years foundation stage (EYFS) 2024 /
_cedited by Amy Thornton.
250 _aSecond edition.
260 _aLondon :
_bLearning Matters,
_c2023.
300 _axvi, 58 pages ;
_c30 cm.
504 _aIncludes index.
650 _aEarly childhood education
_xCurricula
_zGreat Britain.
650 _aEducation, Preschool
_xCurricula
_zGreat Britain.
650 _aEarly childhood education
_xStandards
_zGreat Britain.
650 _aEducation
_xCurriculum planning
_zGreat Britain.
942 _2lcc
_cBK
999 _c367775
_d367775